Les 10 plus grandes villes des Etats-Unis - Statistiques

Statistiques générales
  • Ce quiz a été pris 204 fois
  • Le résultat moyen est 6 sur 10
Statistiques - réponses
Population Ville % Correct
3 898 000 Los Angeles
99%
8 804 000 New York
99%
2 715 000 Chicago
86%
1 366 000 Dallas
60%
2 325 000 Houston
53%
1 604 000 Philadelphie
50%
1 415 000 San Diego
34%
1 773 000 Phoenix
32%
1 535 000 San Antonio
27%
1 041 000 San Jose
14%
Aucun quiz correspondant
Distribution des résultats
% des personnes avec chaque résultat
Percentile par nombre de réponses
Votre historique - résultats
Vous n’avez pas pris ce quiz